| 000 | 00343pab a2200133 454500 | ||
|---|---|---|---|
| 008 | 180718b1987 xxu||||| |||| 00| 0 eng d | ||
| 245 | _aCountry paper on general trends in civil service reforms in Pakistan | ||
| 260 | _c1987 | ||
| 300 | _a123-44 | ||
| 362 | _aNov. | ||
| 650 | _aCivil Service - Pakistan | ||
| 773 | _aPrashasan | ||
| 909 | _a5808 | ||
| 999 |
_c5808 _d5808 |
||